| 000 | 01242nam0a2200289 i 4500 | ||
|---|---|---|---|
| 001 | RU\NLR\BIBL_A\010823562 | ||
| 005 | 20240725011436.0 | ||
| 010 |
_a9785919512660 _9300 |
||
| 021 |
_aRU _b2015-50193 _92975 |
||
| 035 | _a(NILC)RuMoRGB-007973470 | ||
| 035 | _a(NLR Aleph) 010823562 | ||
| 090 |
_a10253304 _c10253304 |
||
| 100 | _a20150819d2015 u y0rusy50 ca | ||
| 101 | 0 | _arus | |
| 102 | _aRU | ||
| 105 | _aac z 010yy | ||
| 200 | 1 |
_aВешенские родники _eлитературный альманах авторов Шолоховского района, [посвященный Году литературы, 110-летию со дня рождения М. А. Шолохова и 70-летию Победы в Великой Отечественной войне _fредкол.: Г. Ф. Рычнев и др.] |
|
| 210 |
_aРостов-на-Дону _cАльтаир _d2015 |
||
| 215 |
_a175 с. _cил., цв. ил., портр. _d24 |
||
| 686 | 2 | _aШ6(2=Р)8я43 | |
| 702 | 1 |
_aРычнев _bГ. Ф. _f1953- _gГригорий Федорович _4340 |
|
| 801 | 0 |
_aRU _bРГБ _c20150710 _gRCR |
|
| 942 | _cBOOK | ||
| 980 | _aNBR | ||